On This Day: June 16th Quiz Stats

 Plays Quiz Updated Jun 16, 2017

Support Sporcle.
Go Orange.
Score 0/7 Timer 03:00
3 Plays Today
Question Answer Wrong Answers
This multinational technology company is founded as the Computing-Tabulating-Recording Company in Endicott, New York.
1911
IBM
83.3%
Apple
3.2%
Microsoft
4.3%
Dell
7.1%
Abraham Lincoln delivers his ‘House Divided’ speech, in which he stresses the danger of slavery-based disunion. In the speech, Lincoln famously states, ‘A house divided against itself cannot ______.’
1858
Stand
79.9%
Prevail
15%
Hold
2.1%
Win
2.9%
Ronald Reagan awards the Congressional Gold Medal to Ken Taylor, Canada's former ambassador to this country, for helping six Americans escape during a hostage crisis. He is the first foreign citizen awarded the medal.
1981
Iran
78.6%
North Korea
4.1%
Soviet Union
6.4%
Afghanistan
6.8%
This nation in the Himalaya mountain range becomes the first country to institute a total ban on tobacco.
2010
Bhutan
77.7%
China
3.7%
Pakistan
7.2%
Cambodia
7%
A non-violent march by 15,000 students in Soweto, ______ turns into days of rioting when police open fire on the crowd.
1976
South Africa
73.2%
Angola
4.9%
Sudan
8.2%
Kenya
10.1%
This American rapper, who released the hit albums ‘Me Against the World’ and ‘All Eyez on Me’, is born.
1971
Tupac Shakur
69.5%
The Notorious B.I.G.
19.5%
Nas
5.2%
Rakim
2.9%
The University Tests Act allows students to enter the Universities of Oxford, Cambridge and Durham without ______ tests.
1871
Religious
41.4%
IQ
42.7%
Career Aptitude
5.2%
English Language
9.9%

You're not logged in!

Compare scores with friends on all Sporcle quizzes.
OR
Log In
Forgot?

From the Vault

Years by Highest-Grossing Movies (1980s)

by MrSaturn64

Even at the box office, you should let the Wookiee win.
Remove Ads.
Support Sporcle.
Get the best of Sporcle when you Go Orange. This ad-free experience offers more features, more stats, and more fun while also helping to support Sporcle. Thank you for becoming a member.

Show Comments

Extras

Top Quizzes Today


Score Distribution

Your Account Isn't Verified!

In order to create a playlist on Sporcle, you need to verify the email address you used during registration. Go to your Sporcle Settings to finish the process.

Report this User

Report this user for behavior that violates our Community Guidelines.

Details: